Upgrading your certification to Microsoft Windows Sever 2003

সংরক্ষণ করুন:
গ্রন্থ-পঞ্জীর বিবরন
বিন্যাস: গ্রন্থ
ভাষা:Undetermined
প্রকাশিত: Redmond, Washington Microsoft Press 2004
বিষয়গুলি:
ট্যাগগুলো: ট্যাগ যুক্ত করুন
কোনো ট্যাগ নেই, প্রথমজন হিসাবে ট্যাগ করুন!
Thư viện lưu trữ: Trung tâm Học liệu Trường Đại học Cần Thơ
LEADER 00620nam a2200181Ia 4500
001 CTU_79708
008 210402s9999 xx 000 0 und d
082 |a 005.713769 
082 |b U66 
245 0 |a Upgrading your certification to Microsoft Windows Sever 2003 
245 0 |c Edited by Dan Holme, Orin Thomas 
260 |a Redmond, Washington 
260 |b Microsoft Press 
260 |c 2004 
650 |a Eelectronic data processing personnel,Study guides Microsoft software,Microsoft Windows Server 
650 |x Certification,Examination 
904 |i Minh 
980 |a Trung tâm Học liệu Trường Đại học Cần Thơ